|
|
|
|
| LEADER |
00000cam a2200000 i 4500 |
| 001 |
1/71213 |
| 008 |
050215s1999 gr | ||| |||| ||gre|| |
| 020 |
|
|
|a 9607478428
|
| 035 |
|
|
|l 10076464
|
| 040 |
|
|
|a GR-MyUA
|b gre
|e AACR2
|
| 041 |
1 |
|
|a gre
|h eng
|
| 082 |
0 |
|
|a 823
|2 (21)
|
| 100 |
1 |
|
|a Bradbury, Malcolm
|d 1932-
|
| 245 |
1 |
0 |
|a Δεν κάνει να τρώμε ανθρώπους /
|c Μάλκολμ Μπράντμπερυ ; μετάφραση Βίκυ Χατζοπούλου ; επιμέλεια-επίμετρο Σώτη Τριανταφύλλου.
|
| 250 |
|
|
|a 2η εκδ.
|
| 260 |
|
|
|a Αθήνα :
|b Πόλις,
|c 1999.
|
| 300 |
|
|
|a 349 σ. ;
|c 21 εκ.
|
| 500 |
|
|
|a Τίτλος πρωτοτύπου: Eating people is wrong.
|
| 650 |
0 |
0 |
|a English fiction.
|
| 700 |
1 |
|
|a Χατζοπούλου, Βίκυ,
|e trlf
|
| 700 |
1 |
|
|a Τριανταφύλλου, Σώτη,
|d 1957-
|e edt
|
| 852 |
|
|
|a INST
|b SAMOS
|e 20050215
|h 823 BRA
|p 005300025380
|q 005300025380
|t BK
|y 0
|
| 901 |
|
|
|a BIBL3-2005-1
|
| 909 |
|
|
|a Σ
|b 114319
|
| 922 |
|
|
|a 3ΕΛΗ
|b 200411
|c ΚΥΒ/ΒΙΒΛΙΟΘΗΚΗ
|d ΠΑΠΑΓΕΩΡΓΙΟΥ
|
| 950 |
|
|
|a 127-200411-04
|
| 970 |
|
|
|a ΚΟΣΙΕΡΗΣ
|b ΧΡΗΣΤΟΣ
|z 2005/02/15
|